000 00315nam a22001337a 4500
008 170710b xxu||||| |||| 00| 0 eng d
020 _a 9780816032891
041 _aeng
080 _a030
100 _a23
101 _aENC
245 _aTHE ENCYCLOPEDIA OF AFRICAN-AMERICAN HERITAGE
_cALTMAN,S
942 _2udc
_cBK
999 _c20144
_d20144